LIBRARY & INFORMATION CENTRE, KCAET, TAVANUR

ONLINE PUBLIC ACCESS CATALOGUE (OPAC)

Tractors and small engine maintenance / (Record no. 5448)

MARC details
000 -LEADER
fixed length control field 00465cam a2200169ua 4500
041 ## - LANGUAGE CODE
Language code of text/sound track or separate title eng
082 ## - DEWEY DECIMAL CLASSIFICATION NUMBER
Classification number 631.372
Item number BRO/TR
100 ## - MAIN ENTRY--AUTHOR NAME
Personal name Brown, Arlen D .
245 ## - TITLE STATEMENT
Title Tractors and small engine maintenance /
250 ## - EDITION STATEMENT
Edition statement 1 /
260 ## - PUBLICATION, DISTRIBUTION, ETC. (IMPRINT)
Place of publication Danville :
Name of publisher The Interstate Printers and Publishers, INC ,
Year of publication 1973.
300 ## - PHYSICAL DESCRIPTION
Number of Pages 381 ; .
700 1# - ADDED ENTRY--PERSONAL NAME
Personal name Strickland, Mack R .
942 ## - ADDED ENTRY ELEMENTS (KOHA)
Koha item type Books
Holdings
Withdrawn status Lost status Damaged status Home library Current library Date acquired Full call number Accession Number Koha item type
      KAUAET KAUAET 07/04/2012 631.372 15877 Books
free website counter